| 000 | 00661nam a22002057a 4500 | ||
|---|---|---|---|
| 005 | 20150515121706.0 | ||
| 010 | _aENG-112298 | ||
| 020 |
_a9781138796041 _c795.00 |
||
| 035 | _aEN-95830 | ||
| 037 | _bDBAD/PUB | ||
| 082 | _a909 | ||
| 100 | _aChari, P.R. | ||
| 245 |
_aSino-Indian and Sino-South Korean relations : _bcompulsions,comparisons and contrasts / _cby P.R.Chari [and] Vyjayanti Raghavan |
||
| 260 |
_aNew Delhi _bRoutledge _c2015 |
||
| 270 |
_a912,Tolstoy House, 15-17 Tolstoy Marg, Connaught Place _bNew Delhi _e110001 |
||
| 300 |
_aviii,268p. _c22cm(Hb) |
||
| 500 | _aIncludes index | ||
| 700 | _aRaghavan, Vyjayanti | ||
| 942 |
_2ddc _cEN _mCHA _k909 |
||
| 999 |
_c91949 _d91949 |
||